000 00560nam a22001697a 4500
010 _a1718CH-EN
020 _a9789380069357
_c450.00
035 _aB-667918
037 _aDPL
_bTechniz
082 _aS
245 _a365 Wonders of the world /
260 _aNew Delhi
_bOm Kidz
_c2016 (repr)
270 _a4379/4B, Prakash House, Ansari Road,
_bNew Delhi
_e110002
300 _a228p.
_bill.
_c27cm(Hb)
942 _2ddc
_cCH
_mWON
_hS
999 _c141578
_d141578